01957nam a2200313 4500001000400000003000400004005001700008008004100025020001800066040000800084041001300092082002100105100002600126240003200152245012000184260003900304300001600343520109000359650002501449650001901474650002001493650001301513650001301526650001001539655001201549655001601561700003501577700003101612360OSt20250528074019.0250401b |||||||j |||| 00| 1 eng d a9788580576337 bpor hengapor aIJ 028.5bR585pd1 aRiordan, Rick,d1964- aPercy Jackson´s Greek Gods aPercy Jackson e os Deuses Gregos /cRiordan, Rick ; Tradução de Regiane Winarski e Ilustração de John Rocco aRio de JaneirobIntrínsecac2015 a335 p.bil. aCom muito humor e tiradas sarcásticas, Percy Jackson oferece aos leitores sua visão da clássica mitologia grega. “Um editor de Nova York pediu que eu escrevesse o que sei sobre os deuses gregos, e fiquei pensando: 'Pode ser anonimamente? Porque não estou a fim de despertar a ira dos olimpianos de novo.' Mas, se assim eu estiver ajudando vocês a conhecer os deuses gregos e a sobreviver caso algum dia eles apareçam na sua frente, então acho que escrever isso tudo vai ser minha boa ação da semana.” - Percy Jackson Para todos que acompanharam o adolescente Percy Jackson enquanto ele se descobria um semideus, enfrentava monstros e entrava em contato com todo tipo de divindades e seres mitológicos, chegou a hora de conhecer com detalhes as histórias dos principais deuses gregos, contadas por ninguém menos que o próprio Percy. Em Percy Jackson e os deuses gregos nosso querido semideus explica a versão da mitologia grega para a criação do mundo e dá aos leitores sua visão pessoal sobre quem é quem na Grécia Antiga, de Apolo a Zeus. 0aLiteratura Americana 0aInfantojuvenil 0aMitologia Grega 0aFantasia 0aAventura 0aFilme 0aRomance 0aFicção  aRegiane WinarskieTradução aJohn RoccoeIlustração